Statistics for Biggest Cities in Nigeria (Extreme)

Click here to take the quiz!

General Stats

  • This quiz has been taken 55 times
  • The average score is 21 of 82

Answer Stats

PopulationCity% Correct
8,048,430Lagos
100%
776,298Abuja
97%
2,828,861Kano
92%
1,147,188Benin City
86%
2,559,853Ibadan
86%
1,005,904Port Harcourt
84%
760,084Kaduna
70%
428,798Oyo
62%
534,265Aba
59%
821,618Jos
57%
543,016Maiduguri
57%
777,667Ilorin
54%
427,760Sokoto
51%
427,873Uyo
51%
261,604Onitsha
49%
722,664Enugu
46%
509,035Ife
46%
557,398Warri
46%
695,089Zaria
46%
451,607Abeokuta
35%
401,873Owerri
35%
218,886Owo
32%
299,535Ogbomosho
30%
156,694Osogbo
30%
484,798Akure
27%
230,900Gombe
27%
493,810Bauchi
24%
371,022Calabar
24%
318,459Katsina
24%
308,621Ado Ekiti
22%
348,788Minna
22%
313,196Ikeja
16%
535,619Ikorodu
16%
330,712Lafia
16%
249,000Makurdi
16%
166,400Gboko
14%
201,200Gusau
14%
233,900Ilesha
14%
191,377Iwo
14%
218,400Jimeta
14%
320,260Okene
14%
392,854Yola
14%
149,603Asaba
11%
102,800Bama
11%
188,181Bida
11%
122,500Funtua
11%
109,600Gashua
11%
186,700Ijebu Ode
11%
286,700Iseyin
11%
139,845Jalingo
11%
280,009Mubi
11%
309,633Nsukka
11%
205,876Potiskum
11%
151,723Sapele
11%
359,230Umuahia
11%
301,657Awka
8%
241,093Badagry
8%
124,200Buguma
8%
181,409Epe
8%
152,233Garki
8%
117,300Gbongan
8%
115,000Igboho
8%
147,300Ijero
8%
160,600Ikare
8%
143,077Ikot Ekpene
8%
151,000Ila
8%
160,700Ilawe Ekiti
8%
167,100Ise Ekiti
8%
130,800Kisi
8%
203,864Kukawa
8%
209,917Lavun
8%
244,937Mokwa
8%
228,851Obafemi Owode
8%
132,237Okigwe
8%
152,900Okpoko
8%
358,430Ondo City
8%
136,800Otukpo
8%
253,412Sagamu
8%
150,700Shaki
8%
216,578Suleja
8%
187,000Ugep
8%
101,400Uromi
8%

Score Distribution

Percentile by Number Answered

Percent of People with Each Score

Your Score History

You have not taken this quiz